书目信息 |
| 题名: |
抽象派绘画大师
|
|
| 作者: | 瑟福 著 ;王昭仁 译 | |
| 分册: | ||
| 出版信息: | 桂林 广西师范大学出版社 2002 |
|
| 页数: | 256页 | |
| 开本: | 21cm | |
| 丛书名: | 贝贝特·艺术广场 | |
| 单 册: | ||
| 中图分类: | K815.72=5 | |
| 科图分类: | ||
| 主题词: | 抽象表现主义--画家--简介--西方国家 , 抽象表现主义 , 画家 | |
| 电子资源: | ||
| ISBN: | 7-5633-3760-1 | |
| 000 | 01088oam2 2200301 450 | |
| 001 | 1556467280 | |
| 005 | 20150121154136.68 | |
| 010 | @a7-5633-3760-1@dCNY24.80 | |
| 100 | @a20030208d2002 em y0chiy0110 ea | |
| 101 | 1 | @achi@cfre |
| 102 | @aCN@b450000 | |
| 105 | @aa z 000yd | |
| 200 | 1 | @a抽象派绘画大师@9chou xiang pai hui hua da shi@f(法)米歇尔·瑟福著@g王昭仁译 |
| 210 | @a桂林@c广西师范大学出版社@d2002 | |
| 215 | @a256页@c图@d21cm | |
| 225 | 2 | @a贝贝特·艺术广场@i绘画艺术书系@v15 |
| 330 | @a本书介绍了康定斯基、马列维奇、保罗·克利、蒙德里安等艺术大师,他们以自身的实践拥护着抽象主义这面大旗,并最终使这一艺术表现手法以及其实在内涵成为主导20世纪人类艺术思想和审美情趣的灯塔。 | |
| 461 | 0 | @12001 @a贝贝特·艺术广场 |
| 462 | 0 | @12001 @a绘画艺术书系 |
| 510 | 1 | @aThe Master of Abstractionism@zeng |
| 606 | 0 | @a抽象表现主义@x画家@x简介@y西方国家 |
| 606 | 0 | @a抽象表现主义 |
| 606 | 0 | @a画家 |
| 690 | @aK815.72=5@v5 | |
| 701 | 1 | @a瑟福@9se fu@b米歇尔@4著 |
| 702 | 0 | @a王昭仁@9wang zhao ren@4译 |
| 801 | 0 | @aCN@bTSSF@c20150121 |
| 905 | @aZUCC@dK815.72=5@eJY93 | |
| 抽象派绘画大师/(法)米歇尔·瑟福著/王昭仁译.-桂林:广西师范大学出版社,2002 |
| 256页:图;21cm.-(贝贝特·艺术广场.绘画艺术书系;15) |
| ISBN 7-5633-3760-1:CNY24.80 |
| 本书介绍了康定斯基、马列维奇、保罗·克利、蒙德里安等艺术大师,他们以自身的实践拥护着抽象主义这面大旗,并最终使这一艺术表现手法以及其实在内涵成为主导20世纪人类艺术思想和审美情趣的灯塔。 |
| ● |
| 相关链接 |
|
|
|
|
正题名:抽象派绘画大师
索取号:K815.72=5/JY93
 
预约/预借
| 序号 | 登录号 | 条形码 | 馆藏地/架位号 | 状态 | 备注 |
| 1 | 7856161 | 278561619 | 学院路分馆/ [索取号:K815.72=5/JY93] | 在馆 | |
| 2 | 7856162 | 278561628 | 学院路分馆/ [索取号:K815.72=5/JY93] | 在馆 | |
| 3 | 7856163 | 278561637 | 学院路分馆/ [索取号:K815.72=5/JY93] | 在馆 |